000 00503nam a22001577a 4500
005 20231127094842.0
008 231127b |||||||| |||| 00| 0 eng d
041 _aEnglish / Afrikaans
082 _a340.16 UYS
100 _aUys, JF
_lEnglish
245 _aBiographical Directory of South African Lawyers /
_cJF Uys
260 _aBraamfontein :
_bJuridata (Pty) Ltd,
_c1970
300 _bxlix, 345 pages ;
_c26 cm.
650 _aLegal practice
_bLaw
942 _cBK
_6ALISON_BN_VRIES
999 _c972
_d972